Subjetividad, competencia, miedo y sistemas sociales /
El artículo aborda la interrelación entre subjetividad, competencia, miedo y sistemas sociales desde una perspectiva analítica. El autor explora cómo estos elementos interactúan y se influyen mutuamente en el contexto de las dinámicas sociales contemporáneas. Se examina cómo la construcción de la id...
שמור ב:
| מחבר ראשי: | |
|---|---|
| פורמט: | Texto |
| שפה: | Spanish |
| נושאים: | |
| תגים: |
הוספת תג
אין תגיות, היה/י הראשונ/ה לתייג את הרשומה!
|
MARC
| LEADER | 00000 a a2200000 04500 | ||
|---|---|---|---|
| 001 | 46760 | ||
| 003 | cru IIS | ||
| 005 | 20230830192527.0 | ||
| 008 | 230830b |||||||| |||| 00| 0 spa d | ||
| 040 | |c A | ||
| 100 | |a Fuente Rocha, Eduardo de la | ||
| 245 | |a Subjetividad, competencia, miedo y sistemas sociales / |c Eduardo de la Fuente Rocha | ||
| 520 | |a El artículo aborda la interrelación entre subjetividad, competencia, miedo y sistemas sociales desde una perspectiva analítica. El autor explora cómo estos elementos interactúan y se influyen mutuamente en el contexto de las dinámicas sociales contemporáneas. Se examina cómo la construcción de la identidad y la subjetividad individual están influenciadas por factores sociales y culturales, y cómo la competencia y el miedo pueden ser impulsos que afectan la forma en que las personas se relacionan entre sí y con el entorno. A través de un enfoque analítico, se explora cómo estos elementos están enraizados en sistemas sociales más amplios y cómo pueden contribuir a la reproducción de desigualdades y conflictos. El autor también discute posibles formas de abordar estos problemas, incluyendo la importancia de la reflexión crítica y la transformación de las estructuras sociales que perpetúan estas dinámicas. RAR | ||
| 650 | 0 | |2 OCDE |9 5348 |a SUBJETIVIDAD | |
| 650 | 7 | |2 OCDE |9 9352 |a COMPETENCIA | |
| 650 | 0 | |2 OCDE |9 5347 |a MIEDO | |
| 650 | 0 | |2 OCDE |9 10328 |a SISTEMAS SOCIALES | |
| 650 | 0 | |2 OCDE |9 4620 |a IDENTIDAD | |
| 650 | 0 | |2 UNESCO |9 2081 |a SOCIOLOGIA | |
| 773 | |g número8, (2008), páginas 80-88 | ||
| 942 | |2 ddc |c REF | ||
| 999 | |c 32355 |d 32355 | ||
